[Event "International Championship of Central S"]
[Site "Paracin"]
[Date "2014.07.09"]
[Round "7.28"]
[White "Brankovan, Mario"]
[Black "Babic, Tijana"]
[Result "1-0"]
[WhiteElo "1921"]
[BlackElo "1611"]
[PlyCount "79"]
[EventDate "2014.07.04"]

1. d4 Nf6 2. Nf3 g6 3. b3 Bg7 4. Bb2 c5 5. e3 O-O 6. Nbd2 d6 7. Bd3 Bg4 8. h3
Bxf3 9. Nxf3 Nc6 10. dxc5 Qa5+ 11. Nd2 Qxc5 12. O-O Rac8 13. a3 e6 14. Nc4 b5
15. b4 Qd5 16. Nd2 Ne7 17. Qe2 Rc7 18. a4 bxa4 19. Rxa4 Qb7 20. b5 Nfd5 21.
Bxg7 Kxg7 22. Ra5 Nc3 23. Qg4 e5 24. Rfa1 Nc8 25. Qb4 Rc5 26. R1a3 Nd5 27. Qb3
Rc3 28. Qb2 Qc7 29. Ra2 f5 30. R2a3 Kg8 31. Qa2 Qf7 32. Bc4 Rxa3 33. Rxa3 Ncb6
34. Rxa7 Qe6 35. Bb3 Kh8 36. Ra6 Rb8 37. Rxb6 Rxb6 38. Qa8+ Qg8 39. Qxg8+ Kxg8
40. Bxd5+ 1-0

[Event "International Championship of Central S"]
[Site "Paracin"]
[Date "2014.07.09"]
[Round "7.29"]
[White "Chetina, Elizaveta"]
[Black "Miljkovic, Jovana"]
[Result "1/2-1/2"]
[WhiteElo "1890"]
[BlackElo "1674"]
[PlyCount "90"]
[EventDate "2014.07.04"]

1. e4 c5 2. Nf3 Nc6 3. d4 cxd4 4. Nxd4 g6 5. c4 Bg7 6. Be3 Nf6 7. Nc3 O-O 8.
Be2 d6 9. O-O Bd7 10. f3 Qb6 11. Ncb5 Nxd4 12. Bxd4 Qa5 13. Nc3 Bc6 14. Qd2 Nd7
15. Bxg7 Kxg7 16. Qd4+ Kg8 17. Nd5 Bxd5 18. cxd5 Qc5 19. Qxc5 Nxc5 20. b4 Nd7
21. Bb5 Nf6 22. Rfc1 Rfc8 23. Kf2 Kf8 24. Ke3 e6 25. dxe6 fxe6 26. Kd4 e5+ 27.
Kd3 Ke7 28. Bc4 Rc7 29. Rc2 Rac8 30. Rac1 g5 31. Bb3 Rxc2 32. Rxc2 Rxc2 33.
Kxc2 h5 34. Kd3 h4 35. a4 Nh5 36. Kc4 Nf4 37. g3 hxg3 38. hxg3 Ne2 39. g4 Nd4
40. Bd1 Kd7 41. Kd5 a6 42. a5 Kc7 43. Kc4 Kc6 44. Ba4+ Kc7 45. Bd1 Kc6 1/2-1/2